| 000 | 01260nam a2200301 i 4500 | ||
|---|---|---|---|
| 003 | EG-GICUC | ||
| 005 | 20260429141328.0 | ||
| 008 | 260429s2016 ua fr|||| 00| 0 ara d | ||
| 040 |
_a EG-GICUC _bara _c EG-GICUC _d EG-GICUC _erda |
||
| 041 | _aara | ||
| 082 | 0 | 4 |
_221 _a345.41 _bع ب . ن |
| 092 | 0 | 4 | _221 |
| 099 | _aLaw1 07 345.41 ع ب . ن 2016 | ||
| 100 | 0 |
_aعبد العليم عبد المجيدمشرف _eمؤلف. |
|
| 245 | 1 | 0 |
_a نظام تقويم أداء الموظف العام في ضوء أحكام قانون الخدمة المدنية رقم 81 لسنة 2016 ولائحته التنفيذية / _c دكتور عبد العليم عبد المجيد مشرف. |
| 264 | 1 |
_aبني سويف : _bجامعة بني سويف، كلية الحقوق، _c2016 . |
|
| 300 |
_a256صفحة _c24 سم |
||
| 336 |
_2rda content _atext |
||
| 337 |
_2rda media _aComputer |
||
| 338 |
_2rda carrier _aOnline Resource |
||
| 504 | _aيشتمل على إرجاعات ببليوجرافية وكشاف. | ||
| 546 | _aالنص باللغة العربية | ||
| 650 | 1 |
_aالقانون الإداري _2qrmak |
|
| 651 | 1 | _2qrmak | |
| 856 | 4 | 0 | _uhttps://fll.law.cu.edu.eg/fulltext/bks/B07-04324.pdf |
| 905 | _a167 | ||
| 942 |
_2ddc _cBK _e21 _n0 |
||
| 999 |
_c74244 _d74244 |
||